000
00295nam a22001337a 4500
008
170907b xxu||||| |||| 00| 0 eng d
020
_a
9780471153375
041
_a
eng
080
_a
721
100
_a
41
101
_a
NDI
245
_a
THE DATA WAREHOUSE TOOLKIT
_c
KIMBALL,R
942
_2
udc
_c
BK
999
_c
26555
_d
26555